01850nam a22003614a 4500001001200000003000800012006001900020007001500039008004100054010001700095020002200112020002500134040002100159035002100180043001200201050002300213245029700236260005800533300004700591504004100638530002700679533015200706650005500858650006600913655002900979710009801008710006901106710007801175710007501253710001701328856012601345999001701471ebr10225188CaPaEBRm u cr cn|||||||||071217s2008 dcuab sb 000 0 eng c z 2007943420 z0309112826 (pbk.) z9780309112826 (pbk.) aCaPaEBRcCaPaEBR a(OCoLC)568479206 an-us---14aTN263b.M55 2008eb00aMinerals, critical minerals, and the U.S. economyh[electronic resource] /cCommittee on Critical Mineral Impacts on the U.S. Economy, Committee on Earth Resources, Board on Earth Sciences and Resources, Division on Earth and Life Studies, National Research Council of the National Academies. aWashington, D.C. :bNational Academies Press,cc2008. axvi, 245 p. :bill. (some col.), col. map. aIncludes bibliographical references. aAlso available online. aElectronic reproduction.bPalo Alto, Calif. :cebrary,d2013.nAvailable via World Wide Web.nAccess may be limited to ebrary affiliated libraries. 0aNonfuel mineralsxEconomic aspectszUnited States. 0aMines and mineral resourcesxEconomic aspectszUnited States. 7aElectronic books.2local2 aNational Research Council (U.S.).bCommittee on Critical Mineral Impacts on the U.S. Economy.2 aNational Research Council (U.S.).bCommittee on Earth Resources.2 aNational Research Council (U.S.).bBoard on Earth Sciences and Resources.2 aNational Research Council (U.S.).bDivision on Earth and Life Studies.2 aebrary, Inc.40uhttp://site.ebrary.com/lib/rucke/Doc?id=10225188zAn electronic book accessible through the World Wide Web; click to view c27303d27303